| 000 | 00732nmc a2200289 a 4500 | ||
|---|---|---|---|
| 003 | AR-BaBNM | ||
| 005 | 20251128204542.0 | ||
| 008 | 277019s1994 ||||||||||||||000 | spa|| | ||
| 020 | _a950-500-306-4 | ||
| 040 | _cAR-BaBNM | ||
| 100 | 1 | _aDurán, Carlos Joaquín | |
| 245 | 1 | 0 | _aCuentos para un hombre |
| 260 |
_aBuenos Aires _bGuadalupe _c1994 |
||
| 300 |
_a79 p. _bil. |
||
| 490 | 0 | _aClaves del reino | |
| 650 | 4 | _aLITERATURA ARGENTINA | |
| 650 | 4 | _aCUENTOS | |
| 650 | 4 | _aRELIGION | |
| 650 | 4 | _aCRISTIANISMO | |
| 650 | 4 | _aESPIRITUALISMO | |
| 653 | _aNARRATIVA | ||
| 655 | _aLITERATURA | ||
| 700 | 1 |
_aCharré, Alicia _eilustrador |
|
| 800 | 1 |
_aDurán, Carlos Joaquín _edirector |
|
| 942 | _cBK | ||
| 998 | _cMARTIN | ||
| 999 |
_c7889 _d7889 |
||